000 00868cam a22002411 4500
001 ne 68004006
003 DLC
005 20260227111848.0
008 870922s1963 tu h b 000 0 tur
010 _ane 68004006
035 _a(OCoLC)16731115
040 _aDLC
_cOrPS
_dDLC
042 _apremarc
050 0 0 _aAS348.A6
_bA2 no. 147
100 1 _aKorkmaz, Zeynep.
245 1 0 _aTürk dilinin tarihî akışı içinde Atatürk ve dil devrimi.
260 _a[Ankara]
_bAnkara Üniversitesi Basımevi,
_c1963.
300 _aviii, 85 p.
_bfacsim.
_c24 cm.
490 1 _aAnkara Üniversitesi Dil ve Tarih-Coğrafya Fakültesi yayınları, sayı 147
504 _aBibliography: p. [79]-85.
650 0 _aTurkish language
_xHistory.
810 2 _aAnkara Üniversitesi.
_bDil ve Tarih-Coğrafya Fakültesi.
_tDil ve Tarih-Coğrafya Fakültesi yayımları ;
_vsayı 147.
999 _c50918
_d50918